LIBRARY & INFORMATION CENTRE, KCAET, TAVANUR

ONLINE PUBLIC ACCESS CATALOGUE (OPAC)

Elementary practical chemistry / (Record no. 9557)

MARC details
000 -LEADER
fixed length control field 00458cam a2200193ua 4500
041 ## - LANGUAGE CODE
Language code of text/sound track or separate title eng
082 ## - DEWEY DECIMAL CLASSIFICATION NUMBER
Classification number 542
Item number BAH/EL
100 ## - MAIN ENTRY--AUTHOR NAME
Personal name Bahl, B S .
245 ## - TITLE STATEMENT
Title Elementary practical chemistry /
250 ## - EDITION STATEMENT
Edition statement 10 /
260 ## - PUBLICATION, DISTRIBUTION, ETC. (IMPRINT)
Place of publication New Delhi :
Name of publisher S.Chand & Sons ,
Year of publication 1961.
300 ## - PHYSICAL DESCRIPTION
Number of Pages 242 ; .
700 1# - ADDED ENTRY--PERSONAL NAME
Personal name Sharma, A N .
942 ## - ADDED ENTRY ELEMENTS (KOHA)
Koha item type Books
Holdings
Withdrawn status Lost status Damaged status Home library Current library Date acquired Full call number Accession Number Koha item type
      KAUAET KAUAET 07/04/2012 542 BAH/EL 1839 Books
free website counter